| 000 | 00624nam a22001817a 4500 | ||
|---|---|---|---|
| 999 |
_c48956 _d48956 |
||
| 008 | 191121b ||||| |||| 00| 0 eng d | ||
| 020 | _a7513500053 | ||
| 100 | _aRobertson, Ev, | ||
| 245 |
_aMinistering with puppets / _cby Ev Robertson [and] Joy Robertson. |
||
| 260 |
_aNashville, Tenn. : Broadman & Holman Publishers, _bBroadman & Holman Publishers, _c©1993. |
||
| 300 |
_a93 p. : _bill. ; _c29 cm. |
||
| 336 | _atext | ||
| 337 | _aunmediated | ||
| 338 | _avolume | ||
| 650 |
_aPuppet plays, American _xJuvenila literature. |
||
| 650 |
_aPuppet plays in Christian education _xJuvenila literature. |
||
| 942 |
_2lcc _cBK |
||